| 000 | 00576nam a22001697a 4500 | ||
|---|---|---|---|
| 999 |
_c190163 _d190163 |
||
| 005 | 20220719125711.0 | ||
| 010 | _aENG-133701 | ||
| 020 |
_c220.00 _a9789382459262 |
||
| 035 | _aEN-117233 | ||
| 037 | _bDBAD/PUB | ||
| 082 | _a591.6 | ||
| 245 | _aEconomic Zoology/ | ||
| 260 |
_aTamil Nadu _bSaras Publication _c2013 |
||
| 270 |
_a114/35G, A.R.P. Camp Road, Periavilai, Kottar P.O., Nagercoil, Kanyakumari Dist _bTamil Nadu _e629002 _k04652265026 _minfo@saraspublication.com _l04652265099 |
||
| 300 |
_a536p. _c24cm(pbk) _bIndex |
||
| 942 |
_2ddc _cEN _h591.6 _mECO |
||